|
|
|
|
| LEADER |
01339nam a2200337Ia 4500 |
| 001 |
EBC511791 |
| 003 |
MiAaPQ |
| 005 |
20200520144314.0 |
| 006 |
m o d | |
| 007 |
cr cn||||||||| |
| 008 |
100115s2009 gw a s 000 0 ger d |
| 010 |
|
|
|z 2010359215
|
| 020 |
|
|
|z 9783110206463
|
| 035 |
|
|
|a (MiAaPQ)EBC511791
|
| 035 |
|
|
|a (Au-PeEL)EBL511791
|
| 035 |
|
|
|a (CaPaEBR)ebr10373486
|
| 035 |
|
|
|a (CaONFJC)MIL271447
|
| 035 |
|
|
|a (OCoLC)645092893
|
| 040 |
|
|
|a MiAaPQ
|c MiAaPQ
|d MiAaPQ
|
| 050 |
|
4 |
|a D13.5.G3
|b J46 2009
|
| 245 |
0 |
0 |
|a Jenseits der Grenzen
|h [electronic resource] :
|b Beitrage zur spatantiken und fruhmittelalterlichen Geschichtsschreibung /
|c herausgegeben von Andreas Goltz, Hartmut Leppin und Heinrich Schlange-Schoningen.
|
| 260 |
|
|
|a Berlin :
|b De Gruyter,
|c 2009.
|
| 300 |
|
|
|a xvii, 358 p. :
|b some ill.
|
| 490 |
1 |
|
|a Millennium-Studien,
|x 1862-1139 ;
|v Bd. 25
|
| 533 |
|
|
|a Electronic reproduction. Ann Arbor, MI : ProQuest, 2015. Available via World Wide Web. Access may be limited to ProQuest affiliated libraries.
|
| 650 |
|
0 |
|a Historiography
|z Germany
|x History.
|
| 651 |
|
0 |
|a Germany
|x History.
|
| 655 |
|
4 |
|a Electronic books.
|
| 710 |
2 |
|
|a ProQuest (Firm)
|
| 830 |
|
0 |
|a Millennium-Studien ;
|v Bd. 25.
|
| 856 |
4 |
0 |
|u https://ebookcentral.proquest.com/lib/matrademy/detail.action?docID=511791
|z Click to View
|